000 00461nam a2200157Ia 4500
003 OSt
005 20230525145521.0
008 211028s2018 xx 000 0 und d
040 _cAIMIT LIBRARY
041 _aeng
100 _aSharath, Namratha; Shetty, Annapoorna.
_98786
_e161922
110 _aAnnapoorna Shetty
_98787
245 _aBuilding data analytics tool for business and IT performance Improvement.
260 _aMangaluru
_c2018
942 _2ddc
_cPRO
999 _c220062
_d220062